000 00888nas a2200289 4500
001 BR2013007160
003 BR-BrBNA
005 20231205122910.0
007 ta
008 230509b bl.|||p| |||| 00| 00por d
040 _aBR-BrBNA
_bpor
_cBiblioteca Nacional de Agricultura
041 _a(En)
072 _aF03; F60
100 1 _aNazário, kP.
100 1 _aFerreira, S.A. do N.
100 1 _aBorges, E.E. de L. e
100 1 _aGenovese-Marcomini, P.R.
100 1 _aMendonça, M.S. de
245 1 _aAnatomical and histochemical aspects of the peach palm (Bactris gasipaes Kunth)seed
650 _aPUPUNHA
650 _aBACTRIS GASIPES
650 _aSEMENTE
650 _aHISTOQUÍMICA
773 0 _tJournal of Seed Science (Brazil)
_xISSN 2317-1537
_g(Jun 2013), v. 35(2) p. 171-178
_wBR2013007160
909 _a202311
_bLúcia
_c55
_dLúcia Elande
942 _2AGRIS
_n0
_cANA
999 _c231153
_d231153